| 000 | 00424cam a2200157ua 4500 | ||
|---|---|---|---|
| 020 | _a0-07-096532-3 | ||
| 082 |
_a595.7 _bNAY/GE |
||
| 100 |
_aNayan, K K . _91289 |
||
| 245 | _aGeneral and applied entomology / | ||
| 250 | _a1 / | ||
| 260 |
_aNew Delhi : _bTata Mc-Graw Hill Publishing Company , _c1983. |
||
| 300 | _a589 ; . | ||
| 700 | 1 |
_aAnanthakrishnan, T N . _91290 |
|
| 700 | 1 |
_aDavid, B V . _91291 |
|
| 942 | _cBK | ||
| 999 |
_c10307 _d10307 |
||